Organizačný poriadok.

Uložené v:
Podrobná bibliografia
Médium: Kniha
Jazyk:Slovak
Vydané: Bardejov : Snaha, 1980.
Fyzický popis: 182 strán, tabuľky.
Tagy: Pridať tag
Žiadne tagy, Buďte prvý kto otaguje tento záznam!

MARC

LEADER 00000nam a22000002i 4500
001 000727310
005 20250319125614.0
008 250319s1980 xo e 000 0 slo d
020 |q (brožované) 
040 |a SVKKK  |b slo  |c SVKKK  |e rda 
245 0 0 |a Organizačný poriadok. 
264 1 |a Bardejov :  |b Snaha,  |c 1980. 
300 |a 182 strán, tabuľky. 
336 |a text  |b txt  |2 rdacontent 
337 |a bez média  |b n  |2 rdamedia 
338 |a zväzok  |b nc  |2 rdacarrier 
500 |a Záznam revízie 
910 |a svkkk 
998 |a BK 
090 |g SCKHL  |k Sklad Pribinova 3. posch.  |a V.128856  |j 652938  |i 2720964742  |s Absenčne